zpět

Detail výsledku týmu

Kozlovna S-klub, Olomouc

Datum a čas kvízu

24.5 Celkem bodů Celkový počet nahraných bodů na tomto kvízu bez doplňovacích otázek.
9. Pořadí na kvízu Konečné umístění týmu na tomto kvízu.

Zaznamenané odpovědi

# Otázka Odpověď Body Výsledky
1. Při úřadu vlády vznikne komise... Ďáblický hřbitov 0
2. Na Tchaj-wanu se v poslední do... medvídek Pú 1
3. V pátek vyšlo nové album legen... Metallica 0
4. Ve které zemi byl minulý týden... ve Finsku 0
5. V úterý bylo pro veřejnost odt... Srdce do hry 0
6. Pokračujeme představováním fil... Krakov 1
7. Sedmý film žebříčku byl natoče... Francis Ford Coppola, Marlon Brando, Al Pacino 0
8. Jak se jmenuje původem český h... Jiří Voskovec 0
9. Jediný francouzský film a prvn... Nedotknutelní 1
10. Napište název sbírky povídek s... Hovno hoří 1